Puig-Reig desaparegut /
ISBN:
9788419736864
Publicado:
El Papiol (Baix Llobregat) : Puig-Reig (Berguedà) :
Efadós ; Ajuntament de Puig-Reig ,
2025
Descripción Física:
184 pàgines : principalment il·lustracions ; 16 x 22 cm
Materias:
Puig-reig (Catalunya) -- Història -- Llibres de làmines.
; Puig-reig (Catalunya) -- Vida social i costums -- Llibres de làmines.
Idioma:
Catalán
MARC
| LEADER | 00000nam a2200000 i 4500 | ||
|---|---|---|---|
| 001 | 29262 | ||
| 003 | AGDB | ||
| 005 | 20260324181545.0 | ||
| 008 | 250603e202503 spca||| |||| 001 0 cat | ||
| 015 | |a LL2025 |2 bnc | ||
| 017 | |a B 1575-2025 |b Biblioteca de Catalunya | ||
| 020 | |a 9788419736864 | ||
| 040 | |a ES-BaBC |b cat |e rda |c ES-BaBC | ||
| 041 | |a cat | ||
| 043 | |a e-sp--- |b e-spcbr |2 catmarc | ||
| 080 | |a 94 |x (460.23 Be Puig-Reig) |x (084.12) |2 2004 | ||
| 080 | |a 39 |x (460.23 Be Puig-Reig) |x (084.12) |2 2004 | ||
| 100 | 1 | |a Serra, Rosa, |d 1958- |e autor |9 51705 | |
| 245 | 1 | 0 | |a Puig-Reig desaparegut / |c Rosa Serra Rotés ; pròleg: Pep Companyó i Castellví |
| 250 | |a Primera edició : |b març del 2025 | ||
| 264 | 1 | |a El Papiol (Baix Llobregat) : |b Efadós ; |a Puig-Reig (Berguedà) : |b Ajuntament de Puig-Reig, |c 2025 | |
| 300 | |a 184 pàgines : |b principalment il·lustracions ; |c 16 x 22 cm | ||
| 336 | |a text |b txt |2 rdacontent | ||
| 490 | 1 | |a Catalunya desapareguda ; |v 232 |a Comarca del Berguedà | |
| 504 | |a Índex: pàgina 184 | ||
| 505 | |g Sort en tenim de les velles fotografies que ens ajuden a entendre d'on venim i qui som! Les de Puig-reig, amb les seves colònies i la seva pagesia, ens documenten un passat llunyà que ja no tornarà. Són les imatges d'uns anys de transformació i dinamisme que van protagonitzar els nostres avantpassats, un llegat d'alt valor, ple d'esforç, de reptes, de compromisos, d'il·lusions, de tips de treballar, i també de desenganys i de maldecaps. Mireu-les atentament perquè hi descobrireu tot un món desaparegut. | ||
| 651 | 7 | |a Puig-reig (Catalunya) |x Història |v Llibres de làmines. |2 lemac | |
| 651 | 7 | |a Puig-reig (Catalunya) |x Vida social i costums |v Llibres de làmines. |2 lemac | |
| 710 | 1 | |a Puig-Reig (Catalunya). |b Ajuntament |9 55507 | |
| 830 | 0 | |a Catalunya desapareguda ; |v 232 | |
| 830 | 0 | |a Catalunya desapareguda. |p Comarca del Berguedà | |
| 908 | |a BC | ||
| 940 | |a BC | ||
| 942 | |2 udc |c ARXIU |n 1 | ||
| 952 | |0 0 |1 0 |2 udc |4 0 |6 BIB1401 |7 1 |9 98991 |a Arxiu |b Arxiu |d 2026-01-21 |l 0 |o Bib-1401 |p 29262 |r 2026-01-21 12:44:32 |w 2026-01-21 |y ARXIU | ||
| 999 | |c 130657 |d 130657 | ||